| 000 | 00456nam a2200181 a 4500 | ||
|---|---|---|---|
| 001 | 18964 | ||
| 005 | 20180713212337.0 | ||
| 008 | 140415s1945 000 0 spa d | ||
| 041 | _aspa | ||
| 082 |
_a808.80375 _bVAL |
||
| 100 | 1 | _aVALLE-ARIZPE, ARTEMIO DE | |
| 245 | 1 | 0 | _aLEYENDAS MEXICANAS |
| 250 | _a2a ed. | ||
| 260 |
_a[s.l.] : _bESPASA-CALPE, _c1945 |
||
| 300 | _a148 | ||
| 490 |
_aAUSTRAL _v340 |
||
| 650 | 1 | 4 | _aLEYENDAS INDIGENAS |
| 999 |
_c18964 _d18964 |
||